000 00987nam a2200289Ia 4500
003 GCL
008 140319s9999 xx 000 0 ara d
020 _a7102442977
040 _aGCL /
_cGCL
082 0 4 _aق
_b962.064
_bن ن
100 1 _aنجلاء ابوعز الدين
245 1 0 _aناصر العرب /
_cنجلاء ابوعز الدين
700 1 _aفريد ابوعز الدين
250 _aالاولى
260 _aالقاهرة :
_bدار المستقبل العربى ،
_c1988
300 _a386 ص ؛
_c24سم
650 0 4 _aالتنمية الاجتماعية
650 0 4 _aثورة 23 يوليو 1952
650 0 4 _aالسد العالى
650 0 4 _aقضية فلسطين
650 0 4 _aحرب السويس 1956
650 0 4 _aجمال عبدالناصر
650 0 4 _aمصر - تاريخ - العصر الحديث
650 0 4 _aمصر - الاصلاح الزراعى
650 0 4 _aمصر - الاصلاح الاجتماعى
942 _2ddc
_cBK
999 _c52472
_d52472